[Event "Kiev Chess Union op"]
[Site "Kiev"]
[Date "2005.10.13"]
[Round "6"]
[White "Garifulin, Alexandr"]
[Black "Voronov, Yuri"]
[Result "1/2-1/2"]
[WhiteElo "2299"]
[BlackElo "2228"]
[PlyCount "53"]
[EventDate "2005.10.08"]
[EventType "swiss"]
[EventRounds "9"]
[EventCountry "UKR"]
[SourceTitle "CBM 108 Extra"]
[Source "ChessBase"]
[SourceDate "2005.11.04"]
[SourceVersion "1"]
[SourceVersionDate "2005.11.04"]
[SourceQuality "1"]

1. d4 Nf6 2. c4 e6 3. Nc3 Bb4 4. e3 0-0 5. Nge2 d5 6. a3 Be7 7. cxd5 exd5 8. g3 a5 9. Bg2 Na6 10. 0-0 Re8 11. f3 c5 12. Qb3 Rb8 13. Bd2 b5 14. Nf4 Nc7 15. Nce2 Ne6 16. Rac1 Nxf4 17. Nxf4 cxd4 18. exd4 Qb6 19. Rfe1 Qxd4+ 20. Be3 Qa4 21. Qxa4 bxa4 22. Bd4 Ba6 23. Bf1 Bxf1 24. Kxf1 Kf8 25. Rc6 Rec8 26. Rec1 Rxc6 27. Rxc6 1/2-1/2

[Event "Kiev Chess Union op"]
[Site "Kiev"]
[Date "2005.10.10"]
[Round "3"]
[White "Babiy, Olga"]
[Black "Garifulin, Alexandr"]
[Result "0-1"]
[WhiteElo "2105"]
[BlackElo "2299"]
[PlyCount "88"]
[EventDate "2005.10.08"]
[EventType "swiss"]
[EventRounds "9"]
[EventCountry "UKR"]
[SourceTitle "CBM 108 Extra"]
[Source "ChessBase"]
[SourceDate "2005.11.04"]
[SourceVersion "1"]
[SourceVersionDate "2005.11.04"]
[SourceQuality "1"]

1. e4 d6 2. d4 Nf6 3. Nc3 c6 4. f4 Qa5 5. Bd3 e5 6. dxe5 dxe5 7. fxe5 Ng4 8. Nf3 Nd7 9. e6 fxe6 10. Bc4 Nc5 11. Bd2 Qc7 12. Qe2 b5 13. Bb3 a5 14. Nd4 Ne5 15. Bf4 Ned3+ 16. cxd3 Qxf4 17. Rf1 Qd6 18. Qe3 Be7 19. e5 Qc7 20. 0-0-0 a4 21. Bc2 Bd7 22. Nf3 b4 23. Ne4 Nxe4 24. Qxe4 Qa5 25. Nd4 Qd5 26. Qg4 g6 27. Rde1 Qxa2 28. Ne2 a3 29. Qd4 c5 30. Qe4 axb2+ 31. Kd2 Qa3 32. Rb1 Rc8 33. Qc4 Rf8 34. Rf3 Bg5+ 35. Kd1 Rxf3 36. gxf3 Qa8 37. Qg4 Be3 38. Bb3 Qa6 39. Kc2 Ba4 40. Bxa4+ Qxa4+ 41. Kxb2 Qa3+ 42. Kc2 Qa2+ 43. Rb2 Qa4+ 44. Kb1 Qd1+ 0-1

[Event "Geller Memorial op-A 1st"]
[Site "Odessa"]
[Date "2005.09.22"]
[Round "8"]
[White "Garifulin, Alexandr"]
[Black "Miljutin, Oleg"]
[Result "0-1"]
[WhiteElo "2299"]
[BlackElo "2171"]
[PlyCount "160"]
[EventDate "2005.09.15"]
[EventType "swiss"]
[EventRounds "9"]
[EventCountry "UKR"]
[SourceTitle "CBM 108 Extra"]
[Source "ChessBase"]
[SourceDate "2005.11.04"]
[SourceVersion "1"]
[SourceVersionDate "2005.11.04"]
[SourceQuality "1"]

1. d4 d5 2. Nf3 Nf6 3. c4 dxc4 4. g3 c5 5. Qa4+ Nc6 6. dxc5 e6 7. Bg2 Bd7 8. Qxc4 Qa5+ 9. Nc3 Qxc5 10. Qb3 Qb4 11. Qc2 Be7 12. Bd2 Qc4 13. 0-0 0-0 14. Rac1 Rac8 15. Qb1 Qa6 16. Rfd1 b5 17. Bg5 Rfd8 18. Bxf6 gxf6 19. e3 b4 20. Ne4 Be8 21. Ned2 Ne5 22. Nxe5 fxe5 23. Rxc8 Qxc8 24. Rc1 Qd7 25. Nc4 f6 26. Be4 Bf8 27. Kg2 Qg7 28. Rd1 Rxd1 29. Qxd1 f5 30. Bf3 Qc7 31. b3 Bb5 32. Be2 e4 33. Kf1 a6 34. Qd4 Be7 35. Ke1 Qc5 36. Qd1 Kg7 37. Kf1 Kg8 38. Kg1 Kg7 39. Bf1 Kg8 40. Qh5 Kg7 41. g4 h6 42. Kg2 Qc8 43. Qh3 Kh7 44. gxf5 exf5 45. Qh5 Be8 46. Qd1 Qd7 47. Qc2 Bf6 48. Be2 Qd8 49. Nd2 Qd6 50. Nf1 Bc3 51. Ng3 Bd7 52. Bc4 a5 53. Qe2 Be5 54. Qh5 Qg6 55. Qd1 Qd6 56. Qe2 Bc8 57. Qc2 Bd7 58. Be2 Be6 59. Bb5 Bc3 60. Qe2 Qb6 61. Bc4 Bd7 62. Qd1 Qc6 63. Bd5 Qb5 64. Bf7 Qc6 65. h4 Kg7 66. Bc4 Be5 67. h5 Qd6 68. Qc2 Kf6 69. Be2 Qc6 70. Bc4 Qd6 71. Be2 Be6 72. Bb5 Bc3 73. Be8 Qd3 74. Qxd3 exd3 75. Bb5 d2 76. Be2 a4 77. bxa4 Bxa2 78. Bd1 b3 79. Ne2 Ba5 80. Nd4 b2 0-1

[Event "Geller Memorial op-A 1st"]
[Site "Odessa"]
[Date "2005.09.18"]
[Round "4"]
[White "Pichugin, Alexandr"]
[Black "Garifulin, Alexandr"]
[Result "1/2-1/2"]
[WhiteElo "2385"]
[BlackElo "2299"]
[PlyCount "29"]
[EventDate "2005.09.15"]
[EventType "swiss"]
[EventRounds "9"]
[EventCountry "UKR"]
[SourceTitle "CBM 108 Extra"]
[Source "ChessBase"]
[SourceDate "2005.11.04"]
[SourceVersion "1"]
[SourceVersionDate "2005.11.04"]
[SourceQuality "1"]

1. d4 Nf6 2. c4 g6 3. Nc3 Bg7 4. Nf3 0-0 5. Bf4 c5 6. d5 d6 7. e4 Bg4 8. Be2 Bxf3 9. Bxf3 Nbd7 10. 0-0 a6 11. a4 Rb8 12. Re1 Ne8 13. Qd2 Nc7 14. Be2 Re8 15. Bf1 1/2-1/2

[Event "Geller Memorial op-A 1st"]
[Site "Odessa"]
[Date "2005.09.16"]
[Round "2"]
[White "Arutyunova, Diana"]
[Black "Garifulin, Alexandr"]
[Result "1/2-1/2"]
[WhiteElo "2338"]
[BlackElo "2299"]
[PlyCount "35"]
[EventDate "2005.09.15"]
[EventType "swiss"]
[EventRounds "9"]
[EventCountry "UKR"]
[SourceTitle "CBM 108 Extra"]
[Source "ChessBase"]
[SourceDate "2005.11.04"]
[SourceVersion "1"]
[SourceVersionDate "2005.11.04"]
[SourceQuality "1"]

1. e4 d6 2. d4 Nf6 3. Nc3 c6 4. f4 Qa5 5. Bd2 Qb6 6. Nf3 Bg4 7. e5 dxe5 8. dxe5 Nd5 9. Nxd5 cxd5 10. h3 Bf5 11. Bc3 e6 12. Qd2 Nc6 13. Nd4 Bc5 14. 0-0-0 Be4 15. Kb1 0-0 16. Nxc6 bxc6 17. Ba5 Qb7 18. Bd3 1/2-1/2

[Event "Sakharov Memorial op 4th"]
[Site "Kiev"]
[Date "2005.07.10"]
[Round "6"]
[White "Garifulin, Alexandr"]
[Black "Kovalenko, Vladimir N"]
[Result "1-0"]
[WhiteElo "2299"]
[BlackElo "2226"]
[PlyCount "69"]
[EventDate "2005.07.05"]
[EventType "swiss"]
[EventRounds "9"]
[EventCountry "UKR"]
[SourceTitle "EXT 2006"]
[Source "ChessBase"]
[SourceDate "2005.11.24"]
[SourceVersion "1"]
[SourceVersionDate "2005.11.24"]
[SourceQuality "1"]

1. d4 Nf6 2. c4 c5 3. d5 e6 4. Nc3 exd5 5. cxd5 d6 6. Nf3 g6 7. Nd2 Bg7 8. Nc4 0-0 9. Bf4 b6 10. e3 Ba6 11. Bxd6 Re8 12. Bg3 Ne4 13. Nxe4 Rxe4 14. Rc1 Bxc4 15. Rxc4 Rxc4 16. Bxc4 b5 17. Be2 Qa5+ 18. Qd2 Qxa2 19. 0-0 c4 20. d6 Nd7 21. Qd5 Nb6 22. Qxb5 Qxb2 23. Bxc4 Nxc4 24. Qxc4 Qb7 25. Rc1 Bf6 26. Qc6 Qxc6 27. Rxc6 Rb8 28. Kf1 Kf8 29. d7 Rb1+ 30. Ke2 Bd8 31. Bd6+ Kg7 32. Rc8 Rb2+ 33. Kf3 Rd2 34. Be5+ f6 35. Bd4 1-0